भारत की लोककथाएं / (Record no. 114489)
[ view plain ]
| 000 -LEADER | |
|---|---|
| fixed length control field | 01037nam a22002537a 4500 |
| 005 - DATE AND TIME OF LATEST TRANSACTION | |
| control field | 20170124103009.0 |
| 010 ## - LIBRARY OF CONGRESS CONTROL NUMBER | |
| LC control number | B-257163 |
| 020 ## - INTERNATIONAL STANDARD BOOK NUMBER | |
| Terms of availability | 175.00 |
| International Standard Book Number | 8188031046 |
| 035 ## - SYSTEM CONTROL NUMBER | |
| System control number | B-257163 |
| 037 ## - SOURCE OF ACQUISITION | |
| Source of stock number/acquisition | Cen Lib/Ret |
| 040 ## - CATALOGING SOURCE | |
| Original cataloging agency | DPL |
| Language of cataloging | HN |
| 082 ## - DEWEY DECIMAL CLASSIFICATION NUMBER | |
| Classification number | क |
| Item number | बसुसौ |
| 100 ## - MAIN ENTRY--PERSONAL NAME | |
| Personal name | बासु, सौरेंद नाथ |
| 9 (RLIN) | 54275 |
| 245 ## - TITLE STATEMENT | |
| Title | भारत की लोककथाएं / |
| Statement of responsibility, etc | सौरेंद नाथ बासु |
| 246 ## - VARYING FORM OF TITLE | |
| Title proper/short title | Bharat ki lokkathaiyan / |
| Remainder of title | by S. Basu |
| 260 ## - PUBLICATION, DISTRIBUTION, ETC. (IMPRINT) | |
| Place of publication, distribution, etc | दिल्ली |
| Name of publisher, distributor, etc | मनीष प्रकाशन |
| Date of publication, distribution, etc | 2007 |
| 270 ## - ADDRESS | |
| Address | सी-8/174, यमुना विहार |
| City | दिल्ली |
| Postal code | 110053 |
| 300 ## - PHYSICAL DESCRIPTION | |
| Extent | 160पृ. : |
| Dimensions | 21सेमी (सजिल्द) |
| Other physical details | सचित्र |
| 650 ## - SUBJECT ADDED ENTRY--TOPICAL TERM | |
| Topical term or geographic name as entry element | हिंदी साहित्य |
| 9 (RLIN) | 57009 |
| 650 ## - SUBJECT ADDED ENTRY--TOPICAL TERM | |
| Topical term or geographic name as entry element | हिंदी साहित्य --कहानियां |
| 9 (RLIN) | 42761 |
| 650 ## - SUBJECT ADDED ENTRY--TOPICAL TERM | |
| Topical term or geographic name as entry element | Hindi literature |
| 9 (RLIN) | 57010 |
| 650 ## - SUBJECT ADDED ENTRY--TOPICAL TERM | |
| Topical term or geographic name as entry element | Hindi literature--Stories |
| 9 (RLIN) | 57011 |
| 942 ## - ADDED ENTRY ELEMENTS (KOHA) | |
| Source of classification or shelving scheme | Dewey Decimal Classification |
| Koha item type | Hindi Books |
| Classification part | क |
| Call number suffix | बसुसौ |
| Withdrawn status | Lost status | Damaged status | Not for loan | Home library | Current library | Date acquired | Source of acquisition | Cost, normal purchase price | Total Checkouts | Total Renewals | Full call number | Barcode | Date last seen | Date checked out | Copy number | Cost, replacement price | Price effective from | Koha item type |
|---|---|---|---|---|---|---|---|---|---|---|---|---|---|---|---|---|---|---|
| Central Library | Central Library | 17/08/2015 | Cen Lib/Ret | 175.00 | 6 | 1 | क बसुसौ | B-257163 | 31/01/2025 | 23/01/2025 | 1 | 175.00 | 17/08/2015 | Hindi Books |
